01003nam a2200337Ia 4500008004100000020001600041050000800057050001100065100002300076245004000099245009900139260001600238260001600254260000900270300001700279300003300296300001100329440002400340440000800364500007100372650002200443650002000465650001300485650004900498650001800547650001300565650001300578650002200591650002200613700003000635170203s9999 xx 000 0 und d a0-439559715 aFic bSt857f aStilton, Geronimo. 2aA fabumouse vacation for Geronimo / cGeronimo Stilton ; illustrations by Larry Keys ; English translation by Edizioni Piemme S.p.A. aNew York :  bScholastic, c2004 a112 pages :  bcolor illustrations, maps ;  c20 cm. aGeronimo Stilton ;  v#9. aTranslation of: Quella stratopica vacanza alla pensione Mirasorci. aHumorous stories. aJournalists --  aMice --  aStilton, Geronimo (Fictitious character) --  aVacations --  xFiction. xFiction. xJuvenile fiction. xJuvenile fiction. aKeys, Larry, illustrator.